| 000 | 00511nam a2200097Ia 4500 | ||
|---|---|---|---|
| 008 | 180130s9999 xx 000 0 und d | ||
| 245 |
_cIlarri, Sergio; Mena, Eduardo; Illarramendi, Arantza; Yus, Roberto; Laka, Maider; Marcos, Gorka _aA friendly location-aware system to facilitate the work of technical directors when broadcasting sport events |
||
| 260 | _c2016 | ||
| 300 | _aBook title: Mobile telecommunications technology--Acession number C20743; pages 158-183 | ||
| 650 | _aMOBILE TELECOMMUNICATIONS TECHNOLOGY | ||
| 999 |
_c354010 _d354010 |
||